000 00531nam a2200181Ia 4500
005 20250508153958.0
008 008 250505s9999 xx 000 0 eng d
037 _aTextual
040 _aFEDL
_beng
_cFEDL
041 _aeng
_2eng
084 _a379.10973, UNI
_qFEDL
245 0 _aStatistics of local school systems : 1955-56 rural counties
245 0 _cU S Department of Health, Education, And Welfare
260 _c1959
300 _a168p.
942 _cTEXL
_h379.10973, UNI
999 _c1346770
_d1346770